| 000 | 00758cam a22002657a 4500 | ||
|---|---|---|---|
| 001 | 12419800 | ||
| 005 | 20180201033122.0 | ||
| 008 | 010524s2000 nju bf 000 0 eng d | ||
| 010 | _a 2001271001 | ||
| 020 | _a0130847151 | ||
| 035 | _a(OCoLC)ocm46418571 | ||
| 040 |
_aOIP _cOIP _dDLC |
||
| 041 | _aeng | ||
| 042 | _alccopycat | ||
| 043 | _an-us--- | ||
| 080 | _a371.3 | ||
| 082 | 0 | 0 |
_a371.3 TIP _221 |
| 100 | 1 | _a46 | |
| 101 | _aEDU | ||
| 245 | 1 | 0 |
_aCreative teaching on a budget / _cJanet K. Tipton. |
| 504 | _aIncludes bibliographical references (p. 96). | ||
| 906 |
_a7 _bcbc _ccopycat _d3 _encip _f20 _gy-gencatlg |
||
| 942 |
_2ddc _cBK |
||
| 999 |
_c41450 _d41450 |
||